000
00256nam a22001097a 4500
082
_a
621.381 SMI'E
100
_a
SMITH, W. W
_9
66279
245
_a
ELECTRONICS FOR TECHNICIAN ENGINEERS
260
_a
LONDON
_b
HUTCHINSON
_c
1970
300
_a
616P
942
_c
BK
999
_c
574263
_d
574263